| 000 | 00663nam a2200205Ia 4500 | ||
|---|---|---|---|
| 003 | GCL | ||
| 008 | 140319s9999 xx 000 0 ara d | ||
| 040 |
_aGCL / _cGCL |
||
| 082 | 0 | 4 |
_a780.91 _bز ت |
| 100 | 1 | _aحسين فوزى | |
| 245 | 1 | 0 |
_aتراث الموسيقى العالمية / _cحسين فوزى |
| 700 | 1 | _aسمحة الخولى | |
| 700 | 1 | _aزاكس ، كورت | |
| 260 |
_aالقاهرة : _bدار النهضة العربية ، _c1964 |
||
| 300 |
_a554 ص ؛ _c24 سم |
||
| 650 | 0 | 4 | _aالموسيقى - تاريخ ونقد |
| 650 | 0 | 4 | _aالتراث الموسيقى |
| 650 | 0 | 4 | _aالموسيقى العالمية |
| 942 |
_2ddc _cBK |
||
| 999 |
_c42290 _d42290 |
||